Catalog

Record Details

Catalog Search



 Barvy, barvy, barvičky : závěrečná práce  Cover Image Book Book

Barvy, barvy, barvičky : závěrečná práce / autor ; vedoucí práce

Mikešová , Jiřina (Author). Montessori ČR (Added Author).

Summary:

Cílem předkladáné diplomové práce je vymezení pojmu barva na základě odborné literatury. Popsat jednotlivé druhy barev a v ostatních kapitolách se pak zabývam využitím tématu v praxi. Dále se pak pokusím o vytvoření samostatného projektu k tématu barvy. Projekt bude zaměřený pro děti v mateřských školkách popřípadě centrech ve věku od dvou do šesti let.

Record details

  • Physical Description: 65 stran : 31 cm

Content descriptions

Dissertation Note:
Závěrečná práce - Montessori ČR, 2010
Bibliography, etc. Note:
Obsahuje bibliografii
Genre: závěrečné práce

Available copies

  • 1 of 1 copy available at Common Catalog SPOK.

Holds

  • 0 current holds with 1 total copy.
Show Only Available Copies
Location Call Number / Copy Notes Barcode Shelving Location Status Due Date
Montessori Library ZP0220 4614610220 Chodba Available -

LDR ntm a22 i 4500
00147048
003CZ-PrJAB
00520200818122814.0
007ta
008 s2010 xr e 000 0 cze
040 . ‡aABG323 ‡bcze ‡erda
0410 . ‡acze
1001 . ‡aMikešová , Jiřina ‡4aut
24510. ‡a Barvy, barvy, barvičky : ‡bzávěrečná práce / ‡c autor ; vedoucí práce
264 0. ‡c2010
300 . ‡a65 stran : ‡c31 cm
336 . ‡atext ‡btxt ‡2rdacontent
337 . ‡abez média ‡bn ‡2rdamedia
338 . ‡asvazek ‡bnc ‡2rdacarrier
502 . ‡aZávěrečná práce - Montessori ČR, 2010
504 . ‡aObsahuje bibliografii
5203 . ‡aCílem předkladáné diplomové práce je vymezení pojmu barva na základě odborné literatury. Popsat jednotlivé druhy barev a v ostatních kapitolách se pak zabývam využitím tématu v praxi. Dále se pak pokusím o vytvoření samostatného projektu k tématu barvy. Projekt bude zaměřený pro děti v mateřských školkách popřípadě centrech ve věku od dvou do šesti let.
6530 . ‡abarva ‡aMontessori pedagogika ‡apohádky ‡apísničky ‡ahry ‡aaktivity
655 7. ‡azávěrečné práce ‡7fd186753 ‡2czenas
7102 . ‡aMontessori ČR
85641. ‡yPlný text ‡zPlný text je dostupný pouze členům Montessori ČR
910 . ‡aABG323
901 . ‡a47048 ‡b ‡c47048 ‡tbiblio

Additional Resources